Manual para la adquisición y procesamiento de sísmica terrestre y su aplicación en Colombia / (Registro nro. 3867)
[ vista simple ]
| 000 -LEADER | |
|---|---|
| fixed length control field | 01348nam a2200313Ia 4500 |
| 003 - CONTROL NUMBER IDENTIFIER | |
| control field | OSt |
| 005 - DATE AND TIME OF LATEST TRANSACTION | |
| control field | 20200924115143.0 |
| 008 - FIXED-LENGTH DATA ELEMENTS--GENERAL INFORMATION | |
| fixed length control field | 191128s2010 ck a gr 000 0 spa d |
| 020 ## - INTERNATIONAL STANDARD BOOK NUMBER | |
| International Standard Book Number | 9789584460264 |
| 040 ## - CATALOGING SOURCE | |
| Original cataloging agency | CO-JMCR |
| Transcribing agency | CO-JMCR |
| 041 0# - LANGUAGE CODE | |
| Language code of text/sound track or separate title | spa |
| 082 04 - DEWEY DECIMAL CLASSIFICATION NUMBER | |
| Classification number | 550 / |
| Item number | H565m |
| Edition number | 23 |
| 100 1# - MAIN ENTRY--PERSONAL NAME | |
| Personal name | Herrera, Yajaira. |
| Relator term | autora |
| 9 (RLIN) | 10788 |
| 245 10 - TITLE STATEMENT | |
| Title | Manual para la adquisición y procesamiento de sísmica terrestre y su aplicación en Colombia / |
| Statement of responsibility, etc. | Yajaira Herrera, Norman Cooper ; revisores Luis Alberto Briceño, Carlos Alberto Rey. |
| 260 ## - PUBLICATION, DISTRIBUTION, ETC. | |
| Place of publication, distribution, etc. | Bogotá : |
| Name of publisher, distributor, etc. | Universidad Nacional de Colombia : |
| -- | Facultad de Ciencias : |
| -- | Departamento de Geociencias, |
| Date of publication, distribution, etc. | 2010. |
| 300 ## - PHYSICAL DESCRIPTION | |
| Extent | 124 páginas : |
| Other physical details | ilustraciones, gráficos ; |
| Dimensions | 29 cm. |
| 504 ## - BIBLIOGRAPHY, ETC. NOTE | |
| Bibliography, etc. note | Incluye referencias bibliográficas páginas 121-124. |
| 505 0# - FORMATTED CONTENTS NOTE | |
| Formatted contents note | Exploración petrolera -- Adquisición de siísmica terrestre |
| 650 24 - SUBJECT ADDED ENTRY--TOPICAL TERM | |
| Topical term or geographic name entry element | Petróleo |
| General subdivision | Historia |
| Geographic subdivision | Colombia |
| 9 (RLIN) | 10789 |
| 650 24 - SUBJECT ADDED ENTRY--TOPICAL TERM | |
| Topical term or geographic name entry element | Topografía |
| Geographic subdivision | Colombia |
| 9 (RLIN) | 10790 |
| 650 24 - SUBJECT ADDED ENTRY--TOPICAL TERM | |
| Topical term or geographic name entry element | Método sísmico |
| General subdivision | Uso |
| 9 (RLIN) | 10791 |
| 650 24 - SUBJECT ADDED ENTRY--TOPICAL TERM | |
| Topical term or geographic name entry element | Topografía |
| General subdivision | Metodología |
| 9 (RLIN) | 10792 |
| 650 24 - SUBJECT ADDED ENTRY--TOPICAL TERM | |
| Topical term or geographic name entry element | Método sísmico |
| General subdivision | Equipo y accesorios |
| 9 (RLIN) | 10793 |
| 650 24 - SUBJECT ADDED ENTRY--TOPICAL TERM | |
| Topical term or geographic name entry element | Geofísica |
| General subdivision | Metodología |
| 9 (RLIN) | 10794 |
| 700 1# - ADDED ENTRY--PERSONAL NAME | |
| Personal name | Cooper, Norman., |
| Relator term | autor |
| 9 (RLIN) | 10795 |
| 700 1# - ADDED ENTRY--PERSONAL NAME | |
| Personal name | Rey, Carlos Alberto, |
| Relator term | revisor |
| 9 (RLIN) | 10796 |
| 700 1# - ADDED ENTRY--PERSONAL NAME | |
| Personal name | Montes Vides, Luis Alfredo, |
| Relator term | editor |
| 9 (RLIN) | 10797 |
| 942 ## - ADDED ENTRY ELEMENTS (KOHA) | |
| Source of classification or shelving scheme | Dewey Decimal Classification |
| Koha item type | Books |
| Withdrawn status | Lost status | Source of classification or shelving scheme | Damaged status | Not for loan | Home library | Current library | Shelving location | Date acquired | Source of acquisition | Full call number | Barcode | Date last seen | Copy number | Price effective from | Koha item type |
|---|---|---|---|---|---|---|---|---|---|---|---|---|---|---|---|
| Dewey Decimal Classification | Biblioteca Pública José María del Castillo y Rada | Biblioteca Pública José María del Castillo y Rada | General Stacks | 11/28/2019 | Donación | 550 / H565m | 201808418 | 05/16/2024 | Ej.1 | 11/28/2019 | Books |